-
FURNISS , BRAINS .,HANNAFORD ANTONY J. AND OTHERS
Entry Personal Name
Number of records used in: 1
001 - CONTROL NUMBER
003 - CONTROL NUMBER IDENTIFIER
005 - DATE AND TIME OF LATEST TRANSACTION
- control field:
20221216131322.0
008 - FIXED-LENGTH DATA ELEMENTS
- fixed length control field:
221216|| aca||aabn | a|a d
040 ## - CATALOGING SOURCE
- Original cataloging agency:
OSt
- Transcribing agency:
OSt
100 ## - HEADING--PERSONAL NAME
- Personal name:
FURNISS , BRAINS .,HANNAFORD ANTONY J. AND OTHERS
670 ## - SOURCE DATA FOUND
- Source citation:
Work cat.: (OSt)8062: FURNISS , BRAINS .,HANNAFORD ANTONY J. AND OTHERS ., VOGEL'S TEXTBOOK OF PRACTICAL ORGANIC CHEMISTRY, 2022